[Event "Catalunya-chT Gp2 Final"]
[Site "Barcelona"]
[Date "2023.03.25"]
[Round "3.5"]
[White "Rodriguez Garcia, Yuliesky"]
[Black "Roca Planas, Edgar"]
[Result "1-0"]
[WhiteElo "2178"]
[BlackElo "2144"]
[PlyCount "76"]
[EventDate "2023.03.11"]
[EventType "team-k.o."]
[EventRounds "4"]
[EventCountry "ESP"]
[SourceTitle "EXT 2024"]
[Source "ChessBase"]
[SourceDate "2023.10.10"]
[SourceVersion "1"]
[SourceVersionDate "2023.10.10"]
[SourceQuality "1"]
[WhiteTeam "Lira Vendrellenca"]
[BlackTeam "Sant Andreu"]
[WhiteTeamCountry "ESP"]
[BlackTeamCountry "ESP"]

1. c4 e5 2. Nc3 Nf6 3. Nf3 Nc6 4. a3 d5 5. cxd5 Nxd5 6. d4 exd4 7. Nxd4 Nxc3 8. bxc3 Bc5 9. Be3 Qf6 10. g3 Ne5 11. h3 0-0 12. Bg2 Nc4 13. Bc1 Rd8 14. e3 Bxd4 15. exd4 Re8+ 16. Kf1 c6 17. Kg1 Be6 18. Qh5 Bf5 19. Bg5 Qe6 20. Kh2 Bg6 21. Qd1 Be4 22. Re1 Qd5 23. Qe2 Nd6 24. Bxe4 Nxe4 25. Bf4 Re6 26. Qf3 Rae8 27. Re3 Nf6 28. Qe2 b5 29. a4 Qd7 30. axb5 cxb5 31. Re5 Nd5 32. Qf3 Rxe5 33. dxe5 Nxf4 34. gxf4 f6 35. Qe3 Re7 36. Ra6 Qb7 37. Rd6 a5 38. Rd8+ Kf7 1-0

[Event "Titled Tuesday intern op 13th Sep Early"]
[Site "Chess.com INT"]
[Date "2022.09.13"]
[Round "2"]
[White "Barwinska, Ewa"]
[Black "Rodriguez Garcia, Yuliesky"]
[Result "0-1"]
[WhiteElo "1967"]
[BlackElo "2170"]
[PlyCount "80"]
[EventDate "2022.09.13"]
[EventType "swiss (blitz)"]
[EventRounds "11"]
[EventCountry "USA"]
[SourceTitle "EXT 2023"]
[Source "ChessBase"]
[SourceDate "2022.10.05"]
[SourceVersion "1"]
[SourceVersionDate "2022.10.05"]
[SourceQuality "1"]

1. e4 c5 2. Nf3 d6 3. d4 cxd4 4. Nxd4 Nf6 5. Nc3 g6 6. Be3 Bg7 7. f3 0-0 8. Be2 Nc6 9. 0-0 d5 10. exd5 Nxd5 11. Nxd5 Qxd5 12. Nxc6 Qxc6 13. c3 Bf5 14. Qb3 Be6 15. Qb4 Bf6 16. Bb5 Qc7 17. Bd4 Bxd4+ 18. Qxd4 Rfd8 19. Qb4 Rd2 20. Rad1 Rad8 21. Rxd2 Rxd2 22. c4 Qf4 23. Qxe7 Qe3+ 24. Kh1 Qe2 25. Rg1 Rxb2 26. Qd8+ Kg7 27. Qd4+ f6 28. Qxa7 Bh3 29. Qxb7+ Kh6 30. f4 Qf2 31. Qe4 Bf5 32. Qa8 Qc5 33. Qf3 Rf2 34. Qb7 Bd3 35. a4 Qe3 36. Qa8 Be4 37. Qf8+ Kh5 38. Qc8 Bxg2+ 39. Rxg2 Rf1+ 40. Rg1 Qf3# 0-1

[Event "Titled Tuesday intern op 23rd Nov"]
[Site "Chess.com INT"]
[Date "2021.11.23"]
[Round "1"]
[White "Rodriguez Garcia, Yuliesky"]
[Black "Sjugirov, Sanan"]
[Result "0-1"]
[WhiteElo "2176"]
[BlackElo "2663"]
[PlyCount "88"]
[EventDate "2021.11.23"]
[EventType "swiss (blitz)"]
[EventRounds "11"]
[EventCountry "USA"]
[SourceTitle "CBM 205 Extra"]
[Source "ChessBase"]
[SourceDate "2022.01.31"]
[SourceVersion "1"]
[SourceVersionDate "2022.01.31"]
[SourceQuality "1"]

1. e4 c5 2. Nf3 d6 3. d4 cxd4 4. c3 Nf6 5. cxd4 Nxe4 6. Nc3 Nxc3 7. bxc3 e6 8. Bd3 Be7 9. 0-0 Nd7 10. Re1 0-0 11. Bf4 Nf6 12. h3 b6 13. Qe2 Bb7 14. Rac1 Rc8 15. Bd2 Re8 16. Bb5 Bc6 17. Ba6 Rc7 18. Bd3 Bf8 19. Bg5 h6 20. Bh4 Be7 21. c4 Ba8 22. Nd2 d5 23. Bg3 Rc8 24. Red1 dxc4 25. Nxc4 Qd5 26. Ne3 Qh5 27. Qxh5 Nxh5 28. Ba6 Rxc1 29. Rxc1 Nxg3 30. fxg3 Rd8 31. Rc7 Bf6 32. Nc2 Be4 33. Kf1 g6 34. g4 Kg7 35. g3 Bxd4 36. Nxd4 Rxd4 37. Rxa7 Ra4 38. Kf2 Bd3 39. Bxd3 Rxa7 40. Bc4 Kf6 41. Bb3 Ke5 42. Kf3 f5 43. gxf5 gxf5 44. h4 Rc7 0-1

[Event "Barcelona CC FIDE April"]
[Site "Barcelona"]
[Date "2021.05.29"]
[Round "6"]
[White "Fernandez Aguilar, Francisco"]
[Black "Rodriguez Garcia, Yuliesky"]
[Result "0-1"]
[WhiteElo "2186"]
[BlackElo "2175"]
[PlyCount "128"]
[EventDate "2021.04.24"]
[EventType "tourn"]
[EventRounds "9"]
[EventCountry "ESP"]
[SourceTitle "EXT 2022"]
[Source "ChessBase"]
[SourceDate "2021.10.06"]
[SourceVersion "1"]
[SourceVersionDate "2021.10.06"]
[SourceQuality "1"]

1. Nf3 c5 2. g3 Nc6 3. Bg2 g6 4. c4 Bg7 5. Nc3 Nf6 6. d4 cxd4 7. Nxd4 0-0 8. Nc2 d6 9. 0-0 h6 10. b3 Be6 11. Bb2 Qd7 12. Nd5 Bh3 13. Nxf6+ exf6 14. Qd2 Rfe8 15. Ne3 Bxg2 16. Kxg2 Qe6 17. Rad1 Rad8 18. Nd5 Rd7 19. Bc3 Ne7 20. Nxe7+ Rexe7 21. e3 Re8 22. Qd4 b6 23. Rd2 Red8 24. Qd5 Qxd5+ 25. Rxd5 f5 26. Bb4 Kf8 27. Rfd1 Ke7 28. Re1 Bf6 29. e4 fxe4 30. Rxe4+ Kf8 31. Rf4 Kg7 32. Rf3 Be7 33. g4 Bf6 34. Rfd3 Be5 35. c5 bxc5 36. Bxc5 f6 37. h4 Kf7 38. Be3 g5 39. h5 Ke6 40. a4 Rc8 41. Bd2 Rb7 42. f3 Rc2 43. Kf1 Rb2 44. b4 Rc7 45. b5 Rcc2 46. a5 Rb1+ 47. Ke2 Bf4 48. Kf2 Rbb2 49. Ke2 Rxd2+ 50. Rxd2 Bxd2 51. Rxd2 Rxd2+ 52. Kxd2 Kd5 53. Kd3 Kc5 54. Ke4 d5+ 55. Kf5 Kxb5 56. Kxf6 d4 57. Kg6 d3 58. Kxh6 d2 59. Kxg5 d1Q 60. f4 Qd5+ 61. Kg6 Qg8+ 62. Kf5 Kc6 63. g5 Kd6 64. h6 Qe6# 0-1

[Event "Barcelona CC FIDE April"]
[Site "Barcelona"]
[Date "2021.05.01"]
[Round "2"]
[White "Alcala Gonzalez, Cesar"]
[Black "Rodriguez Garcia, Yuliesky"]
[Result "0-1"]
[WhiteElo "2110"]
[BlackElo "2175"]
[PlyCount "72"]
[EventDate "2021.04.24"]
[EventType "tourn"]
[EventRounds "9"]
[EventCountry "ESP"]
[SourceTitle "EXT 2022"]
[Source "ChessBase"]
[SourceDate "2021.10.06"]
[SourceVersion "1"]
[SourceVersionDate "2021.10.06"]
[SourceQuality "1"]

1. d4 Nf6 2. c4 c5 3. d5 e5 4. Nc3 d6 5. e4 Be7 6. Nge2 Nbd7 7. g3 Nf8 8. Bg2 Ng6 9. h4 h5 10. Bg5 Ng4 11. Qc1 a6 12. f3 Nh6 13. a4 f6 14. Bd2 f5 15. Bh3 f4 16. Bxc8 Qxc8 17. Kd1 fxg3 18. Nxg3 Nxh4 19. Nxh5 Kf8 20. Ng3 Nxf3 21. Bxh6 Qg4 22. Rf1 Rxh6 23. Qe3 Rf6 24. Nce2 Nd4 25. Kd2 Ke8 26. Kc3 Kd7 27. Rxf6 Bxf6 28. Rg1 Rh8 29. Qf2 Rh3 30. Nxd4 exd4+ 31. Kc2 Kc7 32. Qf5 d3+ 33. Kb1 Qxf5 34. Nxf5 Rh2 35. Nxg7 Rxb2+ 36. Kc1 d2+ 0-1

[Event "Barcelona IM 13th"]
[Site "Barcelona"]
[Date "2021.04.13"]
[Round "9"]
[White "Ruperez, Miguel Angel"]
[Black "Rodriguez Garcia, Yuliesky"]
[Result "1/2-1/2"]
[WhiteElo "2121"]
[BlackElo "2175"]
[PlyCount "86"]
[EventDate "2021.04.05"]
[EventType "tourn"]
[EventRounds "9"]
[EventCountry "ESP"]
[EventCategory "2"]
[SourceTitle "CBM 202 Extra"]
[Source "ChessBase"]
[SourceDate "2021.07.31"]
[SourceVersion "1"]
[SourceVersionDate "2021.07.31"]
[SourceQuality "1"]

1. Nf3 c5 2. b3 Nf6 3. Bb2 e6 4. e3 d5 5. c4 Be7 6. cxd5 exd5 7. Bb5+ Bd7 8. Bxd7+ Nbxd7 9. 0-0 0-0 10. d4 Rc8 11. dxc5 Nxc5 12. Nc3 Nce4 13. Qd3 Nxc3 14. Bxc3 Ne4 15. Bb2 Bf6 16. Bxf6 Nxf6 17. Qb5 Qc7 18. h3 Qb6 19. Nd4 Rc5 20. Qd3 g6 21. Rac1 Rfc8 22. Rxc5 Qxc5 23. Rd1 a6 24. g3 Qc3 25. Qxc3 Rxc3 26. Rd2 Rc1+ 27. Kg2 Kf8 28. Ne2 Ra1 29. a4 Rb1 30. Nd4 Ke7 31. Rc2 Kd7 32. g4 Ng8 33. Rc3 Rb2 34. Kg3 Ne7 35. Nf3 f6 36. h4 h5 37. gxh5 gxh5 38. Nd4 Kd6 39. Kf3 Rb1 40. Kg2 Rb2 41. Kg3 Rb1 42. Kg2 Rb2 43. Kf3 Ke5 1/2-1/2

[Event "Barcelona IM 13th"]
[Site "Barcelona"]
[Date "2021.04.09"]
[Round "5"]
[White "Benedetti, Julio"]
[Black "Rodriguez Garcia, Yuliesky"]
[Result "1-0"]
[WhiteElo "2282"]
[BlackElo "2175"]
[PlyCount "45"]
[EventDate "2021.04.05"]
[EventType "tourn"]
[EventRounds "9"]
[EventCountry "ESP"]
[EventCategory "2"]
[SourceTitle "CBM 202 Extra"]
[Source "ChessBase"]
[SourceDate "2021.07.31"]
[SourceVersion "1"]
[SourceVersionDate "2021.07.31"]
[SourceQuality "1"]

1. e4 e6 2. d3 d5 3. Nd2 Nf6 4. g3 c5 5. Bg2 Nc6 6. Ngf3 Be7 7. 0-0 0-0 8. Re1 b6 9. e5 Ne8 10. Nf1 Nc7 11. Ne3 Bb7 12. h4 f6 13. exf6 Bxf6 14. Ng4 h5 15. Nxf6+ Qxf6 16. Bf4 e5 17. Nxe5 Nxe5 18. Rxe5 Ne6 19. Qxh5 Nxf4 20. gxf4 Qxf4 21. Rf1 Rf7 22. Bh3 g6 23. Rg5 1-0

[Event "El Vendrell Mestre"]
[Site "El Vendrell"]
[Date "2020.11.28"]
[Round "9"]
[White "Vila Cairo, Gerard"]
[Black "Rodriguez Garcia, Yuliesky"]
[Result "1/2-1/2"]
[WhiteElo "2050"]
[BlackElo "2185"]
[PlyCount "67"]
[EventDate "2020.09.26"]
[EventType "tourn"]
[EventRounds "9"]
[EventCountry "ESP"]
[SourceTitle "EXT 2023"]
[Source "ChessBase"]
[SourceDate "2022.10.05"]
[SourceVersion "1"]
[SourceVersionDate "2022.10.05"]
[SourceQuality "1"]

1. e4 e6 2. Nf3 d5 3. e5 c5 4. b4 cxb4 5. a3 Bd7 6. axb4 Bxb4 7. c3 Be7 8. d4 Nh6 9. Bd3 Nf5 10. 0-0 0-0 11. g4 Nh4 12. Nxh4 Bxh4 13. g5 Bxg5 14. Qh5 h6 15. f4 Be7 16. Ra2 f5 17. exf6 Rxf6 18. Rg2 Be8 19. Qg4 Bf8 20. f5 exf5 21. Rxf5 Bd7 22. Rxd5 Bxg4 23. Rxd8 Bf5 24. Bxf5 Rxf5 25. Rf2 Rxf2 26. Kxf2 Kf7 27. Bf4 a5 28. Rxb8 Rxb8 29. Bxb8 a4 30. Nd2 b5 31. Ke2 Ke6 32. Kd3 g5 33. h3 h5 34. Ke4 1/2-1/2

[Event "El Vendrell Mestre"]
[Site "El Vendrell"]
[Date "2020.10.24"]
[Round "4"]
[White "Rodriguez Garcia, Yuliesky"]
[Black "Cano Sevila, Ivan"]
[Result "1-0"]
[WhiteElo "2185"]
[BlackElo "2012"]
[PlyCount "67"]
[EventDate "2020.09.26"]
[EventType "tourn"]
[EventRounds "9"]
[EventCountry "ESP"]
[SourceTitle "EXT 2023"]
[Source "ChessBase"]
[SourceDate "2022.10.05"]
[SourceVersion "1"]
[SourceVersionDate "2022.10.05"]
[SourceQuality "1"]

1. d4 d6 2. e4 g6 3. Nc3 Bg7 4. h3 Nf6 5. g4 c6 6. a4 0-0 7. Bg2 Na6 8. Nge2 e5 9. 0-0 exd4 10. Nxd4 Re8 11. Nb3 Be6 12. Be3 Bxb3 13. cxb3 Nc5 14. Qc2 Qb6 15. Ra3 Rad8 16. a5 Qc7 17. b4 Ne6 18. Bxa7 Qe7 19. Be3 d5 20. exd5 cxd5 21. g5 d4 22. gxf6 Bxf6 23. Nd5 Rxd5 24. Bxd5 dxe3 25. Rxe3 Bd4 26. Rxe6 fxe6 27. Qc4 Qg5+ 28. Bg2 Qf6 29. Qe2 Rf8 30. Bxb7 Be5 31. Re1 Qg5+ 32. Bg2 Rf5 33. a6 Qe7 34. Qe3 1-0

[Event "El Vendrell Mestre"]
[Site "El Vendrell"]
[Date "2020.10.17"]
[Round "3"]
[White "Saumoy Poch, Salvador"]
[Black "Rodriguez Garcia, Yuliesky"]
[Result "0-1"]
[WhiteElo "2063"]
[BlackElo "2185"]
[PlyCount "72"]
[EventDate "2020.09.26"]
[EventType "tourn"]
[EventRounds "9"]
[EventCountry "ESP"]
[SourceTitle "EXT 2023"]
[Source "ChessBase"]
[SourceDate "2022.10.05"]
[SourceVersion "1"]
[SourceVersionDate "2022.10.05"]
[SourceQuality "1"]

1. d4 Nf6 2. c4 d5 3. Nf3 e6 4. Nc3 a6 5. e3 c5 6. dxc5 Bxc5 7. cxd5 exd5 8. Be2 0-0 9. 0-0 Nc6 10. Nd4 Re8 11. Nxc6 bxc6 12. Qc2 Bd6 13. b3 Re5 14. Bb2 Rg5 15. f4 Rg6 16. Rae1 Ng4 17. Bxg4 Bxg4 18. Ne2 Rc8 19. Nd4 Qd7 20. Kh1 c5 21. Nf3 Bf5 22. Qd2 Be4 23. Ng5 Rxg5 24. fxg5 Qh3 25. Rf4 Bxf4 26. exf4 Qf5 27. Rc1 d4 28. b4 d3 29. Qe3 Qd5 30. Qd2 f6 31. gxf6 gxf6 32. Rxc5 Rxc5 33. bxc5 Bxg2+ 34. Kg1 Qf3 35. Qe1 Kf7 36. Qc1 Bh3 0-1

[Event "Vilafranca del Penedes op 12th"]
[Site "Vilafranca del Penedes"]
[Date "2018.05.18"]
[Round "7"]
[White "Lacasta Palacio, Joaquim"]
[Black "Rodriguez Garcia, Yuliesky"]
[Result "0-1"]
[WhiteElo "2120"]
[BlackElo "2154"]
[PlyCount "88"]
[EventDate "2018.04.06"]
[EventType "swiss"]
[EventRounds "8"]
[EventCountry "ESP"]
[SourceTitle "CBM 184 Extra"]
[Source "ChessBase"]
[SourceDate "2018.06.28"]
[SourceVersion "1"]
[SourceVersionDate "2018.06.28"]
[SourceQuality "1"]

1. g3 c5 2. Bg2 Nc6 3. e4 g6 4. d3 Bg7 5. f4 d6 6. Nf3 Nf6 7. c3 0-0 8. 0-0 Rb8 9. Nbd2 b5 10. h3 Nh5 11. Kh2 b4 12. c4 e5 13. f5 Bd7 14. Ng1 Nd4 15. Ndf3 h6 16. Nxd4 cxd4 17. b3 Nf6 18. Bd2 gxf5 19. exf5 Re8 20. a3 a5 21. axb4 axb4 22. Ra7 Qc8 23. g4 Bc6 24. Bxc6 Qxc6 25. Qf3 Qc5 26. Rfa1 e4 27. Qf1 e3 28. Be1 Nh7 29. R1a5 Be5+ 30. Kg2 Qc8 31. Nf3 Bf6 32. Qe2 Qc6 33. R7a6 Rb6 34. Rxb6 Qxb6 35. Ra4 Qc6 36. Bg3 Ng5 37. Rxb4 Ra8 38. Ra4 Rb8 39. h4 Ne4 40. Ra3 Nc3 41. Qc2 e2 42. Ra7 Re8 43. Kf2 Re3 44. Ne1 Nd1+ 0-1

[Event "Isla de la Juventud-ch"]
[Site "Nueva Gerona"]
[Date "2009.10.31"]
[Round "13"]
[White "Lopez Samon, Yurima"]
[Black "Rodriguez Garcia, Yuliesky"]
[Result "0-1"]
[WhiteElo "2066"]
[BlackElo "2039"]
[PlyCount "147"]
[EventDate "2009.10.25"]
[EventType "tourn"]
[EventRounds "18"]
[EventCountry "CUB"]
[SourceTitle "EXT 2019"]
[Source "ChessBase"]
[SourceDate "2018.10.10"]
[SourceVersion "1"]
[SourceVersionDate "2018.10.10"]
[SourceQuality "1"]

1. e4 e5 2. Nc3 Nf6 3. Nf3 Bb4 4. Nxe5 0-0 5. f3 Bxc3 6. dxc3 Nxe4 7. Bf4 Nc5 8. Qd2 d6 9. 0-0-0 Be6 10. b4 Na4 11. Bb5 Nb6 12. Be3 Nd5 13. Ng4 Nxe3 14. Nxe3 a5 15. a3 axb4 16. axb4 c5 17. Bc4 cxb4 18. cxb4 Qf6 19. Qd3 Nc6 20. Bxe6 Nxb4 21. Bxf7+ Rxf7 22. Qb3 Na2+ 23. Kd2 Qd4+ 24. Ke1 Qc5 25. Kf2 Nc3 26. Rd3 Ra3 27. Qe6 d5 28. Qe8+ Rf8 29. Qe5 Ne4+ 30. Ke2 Rxd3 31. cxd3 Nf6 32. Qb2 d4 33. Nc2 Nd5 34. Qb3 Rc8 35. Ne1 b5 36. Kf2 Kh8 37. Qb2 b4 38. Qa2 Ne3 39. Qb1 Qc3 40. Rg1 Qd2+ 41. Kg3 Rc1 42. Qb3 Rxe1 43. Qf7 Nf1+ 44. Rxf1 Qg5+ 45. Kh3 Qh6+ 46. Kg3 Qd6+ 47. Kf2 Rxf1+ 48. Kxf1 h6 49. Kf2 Qc5 50. Qe8+ Kh7 51. Qe4+ g6 52. Qb7+ Kg8 53. Qd7 g5 54. Qe8+ Kg7 55. Qd7+ Kf6 56. Qd8+ Kf5 57. Qd7+ Ke5 58. Qg7+ Kd5 59. Qg8+ Kc6 60. Qc8+ Kb5 61. Qb7+ Ka4 62. Qa6+ Kb3 63. Qxh6 Kc2 64. Qe6 Kxd3 65. h4 Qc2+ 66. Kg3 gxh4+ 67. Kxh4 b3 68. Qe4+ Kc3 69. Qc6+ Kd2 70. Qf6 b2 71. Qxd4+ Ke2 72. Qxb2 Qxb2 73. f4 Ke3 74. Kg5 0-1

[Event "Isla de la Juventud-ch"]
[Site "Nueva Gerona"]
[Date "2009.10.31"]
[Round "14"]
[White "Rodriguez Garcia, Yuliesky"]
[Black "Bezanilla Sanchez, Alexis"]
[Result "1/2-1/2"]
[WhiteElo "2039"]
[BlackElo "2301"]
[PlyCount "50"]
[EventDate "2009.10.25"]
[EventType "tourn"]
[EventRounds "18"]
[EventCountry "CUB"]
[SourceTitle "EXT 2019"]
[Source "ChessBase"]
[SourceDate "2018.10.10"]
[SourceVersion "1"]
[SourceVersionDate "2018.10.10"]
[SourceQuality "1"]

1. g3 d5 2. Bg2 g6 3. d3 Bg7 4. Nf3 e5 5. c4 d4 6. 0-0 Ne7 7. e3 dxe3 8. Bxe3 e4 9. Ne1 Bxb2 10. Nd2 exd3 11. Rb1 Bg7 12. Rxb7 Bxb7 13. Bxb7 Nd7 14. Bxa8 Qxa8 15. Nxd3 0-0 16. Bf4 Qd8 17. Re1 Nb6 18. Nc5 Nf5 19. Qc2 Qd4 20. Na6 c6 21. Nb4 Rc8 22. Qb3 Qd7 23. Nc2 c5 24. Ne4 h6 25. h4 Qc6 1/2-1/2

[Event "Isla de la Juventud-ch"]
[Site "Nueva Gerona"]
[Date "2009.10.30"]
[Round "12"]
[White "Rodriguez Garcia, Yuliesky"]
[Black "Portales Borrero, Roman"]
[Result "1/2-1/2"]
[WhiteElo "2039"]
[BlackElo "2306"]
[PlyCount "31"]
[EventDate "2009.10.25"]
[EventType "tourn"]
[EventRounds "18"]
[EventCountry "CUB"]
[SourceTitle "EXT 2019"]
[Source "ChessBase"]
[SourceDate "2018.10.10"]
[SourceVersion "1"]
[SourceVersionDate "2018.10.10"]
[SourceQuality "1"]

1. g3 d5 2. Bg2 g6 3. Nf3 Bg7 4. d4 Nf6 5. 0-0 0-0 6. c4 dxc4 7. Na3 Nc6 8. Nxc4 Be6 9. Nce5 Bd5 10. Bg5 h6 11. Nxc6 Bxc6 12. Bxf6 Bxf6 13. Rc1 Kg7 14. e3 Bb5 15. Re1 c6 16. Qc2 1/2-1/2

[Event "Isla de la Juventud-ch"]
[Site "Nueva Gerona"]
[Date "2009.10.27"]
[Round "6"]
[White "Rodriguez Garcia, Yuliesky"]
[Black "Montero Medina, Melkys"]
[Result "1-0"]
[WhiteElo "2039"]
[BlackElo "2039"]
[PlyCount "89"]
[EventDate "2009.10.25"]
[EventType "tourn"]
[EventRounds "18"]
[EventCountry "CUB"]
[SourceTitle "EXT 2019"]
[Source "ChessBase"]
[SourceDate "2018.10.10"]
[SourceVersion "1"]
[SourceVersionDate "2018.10.10"]
[SourceQuality "1"]

1. c4 e5 2. g3 Nf6 3. Nc3 Bb4 4. Bg2 0-0 5. Nf3 Nc6 6. 0-0 e4 7. Ng5 Bxc3 8. dxc3 Re8 9. b4 h6 10. Nh3 d6 11. Nf4 Bf5 12. Nd5 Ng4 13. Bf4 g5 14. Bc1 a6 15. f3 exf3 16. Bxf3 Nf6 17. g4 Bxg4 18. Nxf6+ Qxf6 19. Bxc6 Qxc3 20. Bxe8 Rxe8 21. Qb3 Qxa1 22. Bb2 Qxf1+ 23. Kxf1 Bxe2+ 24. Kg1 Re6 25. b5 axb5 26. cxb5 Kf8 27. Qd5 b6 28. Qc6 Bd3 29. Qxc7 Bxb5 30. Qd8+ Be8 31. Ba3 Kg8 32. Qxb6 Kg7 33. Bxd6 Kg6 34. Qd4 h5 35. Bc5 Bc6 36. a4 g4 37. a5 Bf3 38. a6 Re1+ 39. Kf2 Re2+ 40. Kg3 Rg2+ 41. Kf4 f6 42. Qd3+ Kg7 43. Qd7+ Kg6 44. Bf8 Rc2 45. Qg7# 1-0

[Event "Isla de la Juventud-ch"]
[Site "Nueva Gerona"]
[Date "2009.10.26"]
[Round "4"]
[White "Rodriguez Garcia, Yuliesky"]
[Black "Lopez Samon, Yurima"]
[Result "1/2-1/2"]
[WhiteElo "2039"]
[BlackElo "2066"]
[PlyCount "131"]
[EventDate "2009.10.25"]
[EventType "tourn"]
[EventRounds "18"]
[EventCountry "CUB"]
[SourceTitle "EXT 2019"]
[Source "ChessBase"]
[SourceDate "2018.10.10"]
[SourceVersion "1"]
[SourceVersionDate "2018.10.10"]
[SourceQuality "1"]

1. e4 c5 2. Nf3 e6 3. d4 cxd4 4. Nxd4 Nf6 5. Nc3 Bb4 6. e5 Qc7 7. Ndb5 Qxe5+ 8. Qe2 Qxe2+ 9. Bxe2 Na6 10. a3 Bc5 11. 0-0 d5 12. b4 Be7 13. Bf4 0-0 14. h3 Rd8 15. Rad1 Ne8 16. Rd3 Bf6 17. Rfd1 Bd7 18. R1d2 Rdc8 19. Re3 Bxb5 20. Nxb5 Bb2 21. Rd1 Rxc2 22. Bd3 Rc6 23. Rg3 e5 24. Be3 d4 25. Bd2 Nac7 26. Nxc7 Rxc7 27. f4 Bxa3 28. fxe5 Bb2 29. Bf4 Re7 30. Be4 Bc3 31. Bg5 f6 32. Bd5+ Kh8 33. Rf3 Rxe5 34. Bxb7 Rd8 35. Rxc3 dxc3 36. Rxd8 fxg5 37. Rc8 Kg8 38. Rxc3 Nd6 39. Rc7 Kf8 40. Bf3 Re7 41. Rc5 h6 42. Rd5 Nf7 43. Bh5 Re6 44. Ra5 g6 45. Bf3 Re7 46. Ra6 Ne5 47. Be4 g4 48. Bxg6 gxh3 49. Bf5 hxg2 50. Kxg2 Rg7+ 51. Kh3 Rf7 52. Be4 Re7 53. Bf5 Kg7 54. Kg3 Rb7 55. Kf4 Nf7 56. Be4 Rxb4 57. Kf5 Rb5+ 58. Kf4 Ng5 59. Bd3 Rc5 60. Ke3 Re5+ 61. Kf4 Re7 62. Rg6+ Kf8 63. Rxh6 Ne6+ 64. Kf5 Nd4+ 65. Kf4 a5 66. Rh8+ 1/2-1/2